Podaj nazwę związku chemicznego - Statystyki

Ogólne statystyki
  • Ten quiz został rozwiązany 29 razy
  • Średni wynik to 10 z 16
Statystyki odpowiedzi
Związek Nazwa słowna % Poprawnych
NaCl Chlorek sodu
100%
H₂O Tlenek diwodoru
100%
KI Jodek potasu
80%
H₂SO₄ Kwas siarkowy sześć
68%
CO Tlenek węgla dwa
68%
AgBr Bromek srebra
64%
Fe₂O₃ Tlenek żelaza trzy
60%
NH₃ Amoniak
56%
SnF₂ Fluorek cyny
56%
CH₃OH Alkohol metylowy
52%
H₂S Kwas siarkowodorowy
52%
C₆H₁₂O₆ Glukoza|Galaktoza|Fruktoza
48%
GaCl₃ Chlorek galu trzy
44%
Al₂SiO₅ Krzemian glinu
44%
H₃COOH Kwas mrówkowy
44%
KMnO₄ Nadmanganian potasu
40%
Nie znaleziono quizów pasujących do podanych kryteriów
Rozkład punktacji
Procent ludzi z każdym wynikiem
Percentyl według liczby udzielonych odpowiedzi
Twoja historia wyników
Nie rozwiązałeś tego quizu